| 000 | 00658cam a2200217 a 4500 | ||
|---|---|---|---|
| 001 | 000007797 | ||
| 005 | 20200929154312.0 | ||
| 008 | 940531s1992 ec 000 0 spa d | ||
| 020 | _a9978801693 | ||
| 040 |
_aDO-SdBNP _cAzU _dDLC |
||
| 082 |
_aE863.44 _bU15d |
||
| 100 | 1 |
_aUbidia, Abdón. _921506 |
|
| 245 | 1 | 0 |
_aDivertinventos : _blibro de fantasías y utopías / _cAbdón Ubidia. |
| 260 |
_aQuito : _bLibresa, _c1992. |
||
| 300 |
_a116 p. ; _c20 cm. |
||
| 490 | 1 | _aCrónica de sueños | |
| 650 | 4 |
_aCuentos ecuatorianos _917829 |
|
| 650 | 4 |
_aLiteratura ecuatoriana _93938 |
|
| 830 | 0 |
_aCrónica de sueños _921507 |
|
| 910 | _aCatalogación por copia / LC | ||
| 999 |
_c7575 _d7575 |
||